| 000 | 00361nam a2200145Ia 4500 | ||
|---|---|---|---|
| 008 | 240824s9999 xx 000 0 und d | ||
| 020 | _a9789356031579 | ||
| 082 |
_a343.05 _bMIT |
||
| 100 | _aMittal, DP | ||
| 245 | 0 |
_aLaw of Copyrights _c/ Mittal, DP |
|
| 260 |
_bCommercial Law Pub _c2021 |
||
| 300 | _a717 | ||
| 650 | _aLaw &Criminology | ||
| 942 | _cENGLISH | ||
| 999 |
_c538153 _d538153 |
||